Hyperloop stanica Bratislava

Guardado en:
Detalles Bibliográficos
Autor principal: Palčová, Petronela (Autor)
Otros Autores: Uhrík, Martin (Orientador)
Formato: Manuscrito Libro
Lenguaje:eslovaco
Publicado: Bratislava 2018
Materias:
Acceso en línea:http://is.stuba.sk/zp/portal_zp.pl?podrobnosti=139725
Etiquetas: Agregar Etiqueta
Sin Etiquetas, Sea el primero en etiquetar este registro!

MARC

LEADER 00000ntm a22000003a 4500
001 stuzp69046
003 SK-STU
005 20210222111227.6
007 ta
008 150427s2015----xo-----f-mn---000-0-slo-d
040 |a STU  |b slo 
041 0 |a slo 
100 1 |a Palčová, Petronela  |u 052120  |4 aut  |U FAD Fakulta architektúry  |T FA Ústav ekologickej a experimentálnej architektúry  |X 42197  |U A2120  |Y 393  |7 42197 
242 0 1 |a Hyperloop station Bratislava  |y eng 
245 1 0 |a Hyperloop stanica Bratislava 
260 |c 2018  |a Bratislava 
650 4 |a hyperloop  |2 slo 
650 4 |a stanica  |2 slo 
650 4 |a most  |2 slo 
650 4 |a hyperloop  |2 eng 
650 4 |a station  |2 eng 
650 4 |a green roof  |2 eng 
700 1 |a Uhrík, Martin  |u 052120  |k Z1  |4 ths  |U FAD Fakulta architektúry  |T FA Ústav ekologickej a experimentálnej architektúry  |X 3746  |U A2120  |Y 393  |7 A000003746 
856 4 |u http://is.stuba.sk/zp/portal_zp.pl?podrobnosti=139725  |u https://opac.crzp.sk/?fn=detailBiblioForm&sid=CB067298C42A66D55905F745693F